Movies by Difficulty III Quiz Stats

 Plays Quiz Updated Jan 20, 2016

Challenge
Share
Tweet
Score 0/30 Timer 08:00
2 Plays Today
% Correct
The Shawshank Redemption
91.9%
Scarface
91.1%
The Da Vinci Code
88.9%
Dead Poets Society
82.5%
12 Years a Slave
82.3%
Kindergarten Cop
81.1%
The Pianist
78.3%
The Notebook
76.3%
Gran Torino
71.8%
Aliens
66.2%
The Road
47.3%
Contact
45.2%
Mud
38.8%
Get Shorty
36.8%
Pacific Rim
36.6%
% Correct
The Virgin Suicides
30.4%
Crimson Tide
29.2%
Seven Pounds
25.5%
Primal Fear
24.3%
The Insider
17.8%
Wonder Boys
13.3%
In the Loop
10.3%
Bringing Out the Dead
8.9%
The Skin I Live In
8%
Bound
7.4%
Synecdoche, New York
7.2%
Life as a House
6.3%
Miller's Crossing
6%
High Tension
4.9%
The Sweet Hereafter
3.2%

You're not logged in!

Compare scores with friends on all Sporcle quizzes.
OR
Log In

You Might Also Like...

Show Comments

Extras

Top Quizzes Today


Score Distribution

Your Account Isn't Verified!

In order to create a playlist on Sporcle, you need to verify the email address you used during registration. Go to your Sporcle Settings to finish the process.

Report this User

Report this user for behavior that violates our Community Guidelines.

Details: